000 00333 a2200109 4500
001 ART_7373
005 20260410161623.0
008 260409a
245 1 0 _aRegulaciones sobre información ambiental en Argentina y EE.UU.
100 1 _aGarcía Fronti, Inés M.
773 0 _tEnfoques
_g- Nº 4 (abr. 2012)
_wREV416
999 _c11770
_d11770